- Pérez Cruz, Emiliano,
Entry Nombre Personal
001 - NUMERO DE CONTROL
- campo de control: 36334
003 - IDENTIFICADOR DE NUMERO DE CONTROL
- campo de control: DLC
005 - FECHA Y HORA DE LA ÜLTIMA TRANSACCIÓN
- campo de control: 20220815134109.0
008 - DATOS DE LONGITUD FIJA
- campo de control de longitud fija: 220815n| azannaabn |a aaa
010 ## - NÚMERO DE CONTROL DE LA BIBLIOTECA DEL CONGRESO
- Número de control LC: n 85176872
035 ## - NUMERO DE CONTROL
- Número de control: (OCoLC)oca01433930
040 ## - FUENTE DE CATALOGACIÓN
- Agencia original de catalogación: DLC
- Lenguaje de catalogación: spa
- Description conventions: rda
- Agencia de transcripción: DLC
- Agencia que lo modifica: UPB
- Agencia que lo modifica: OCoLC
- Agencia que lo modifica: NmU
- Agencia que lo modifica: UPB
- Agencia que lo modifica: MX-MxUPN
046 ## - FECHAS CON CODIFICACIÓN ESPECIAL
- Fecha de nacimiento: 19550808
053 #0 - NÚMERO DE CLASIFICACIÓN LC
- Número de clasificación elemento-número único o número inicial de tramo: PQ7298.26.E696
100 1# - ENCABEZAMIENTO - NOMBRE PERSONAL
- Nombre personal: Pérez Cruz, Emiliano,
- Fechas asociadas con el nombre: 1955-
370 ## - LUGAR ASOCIADO
- Place of birth: Ciudad de México (México)
- Fuente del término: naf
372 ## - CAMPO DE ACTIVIDAD
- Field of activity: Periodismo
- Field of activity: Ciencias de la Comunicación
373 ## - GRUPO ASOCIADO
- Associated group: Instituto Mexicano de la Radio
- Associated group: Radio Educación
- Associated group: Canal 22
374 ## - OCUPACIÓN
- Occupation: Autor
- Fuente del término: lcsh
374 ## - OCUPACIÓN
- Occupation: Periodista
- Occupation: Comunicólogo
375 ## - GÉNERO
- Gender: masculino
377 ## - LENGUA ASOCIADA
- Language code: spa
400 1# - VEÁSE - NOMBRE DE PERSONA
- Personal name: Cruz, Emiliano Pérez,
- Dates associated with a name: 1955-
670 ## - FUENTE EN LA QUE SE LOCALIZARON DATOS
- Cita de la fuente: En su obra: Tres de ajo, 1983:
- Información localizada: portada (Emiliano Pérez Cruz)
670 ## - FUENTE EN LA QUE SE LOCALIZARON DATOS
- Cita de la fuente: Me matan si no trabjo ... 1998:
- Información localizada: portada (Emiliano Pérez Cruz) página 4 de la cubierta (b. 8 Aug. 1955 in Mexico City, Mexico)
670 ## - FUENTE EN LA QUE SE LOCALIZARON DATOS
- Cita de la fuente: En la obra: Nadie me sabe dar razón, 2016:
- Información localizada: página [343] (Emiliano Pérez Cruz. (Ciudad de México, 1955) Estudio Periodismo y Ciencias de la Comunicación en la Facultad de Ciencias Políticas Sociales de la UNAM. Ha colaborado como periodista en varios medios impresos nacionales, en IMER, Radio Educación y en Canal 22)
902 ## - CATALOGADOR
- Catalogador: NDAF/150822
